| 000 | 00843nam a2200217Ii 4500 | ||
|---|---|---|---|
| 003 | JO-AjNU | ||
| 008 | 230605s9999||||xx |||||||||||||| ||und|| | ||
| 017 | _a3248/12/2000 | ||
| 040 |
_aJO-AjNU _bara _erda _cJO-AjNU |
||
| 041 | _aara | ||
| 050 | 1 | 4 | _aPJ6106.2012 |
| 100 | 3 |
_aحلاوة، محمد , _eauthor _964144 |
|
| 245 | 0 | 0 | _aالأساس في التطبيقات النحوية واللغوية: علامات الترقيم، الاملاء، استعمال المعاجم، النحو، الصرف، التطبيقات، النشاطات وحلولها النموذجية |
| 250 | _aط1 | ||
| 264 | 3 | 1 | _aعمان: د.ن، 2012 |
| 300 | _a530ص | ||
| 336 |
_atext _btxt _2rdacontent |
||
| 337 |
_aunmediated _bn _2rdamedia |
||
| 338 |
_avolume _bnc _2rdacarrier |
||
| 650 | 4 |
_aاللغة العربية-قواعد اللغة _964145 |
|
| 999 |
_aA29133 _c32701 _d32701 |
||